00617nam a22001337a 450000500170000000800410001702000150005808200170007310000190009024500560010926000380016530000160020350002640021920240814012409.0240814b |||||||| |||| 00| 0 eng d a0002190052 222a407bCOL aCollins. V.H. aA Second book of English IdiomsbWith Explanations aMadras bOrient Longman Ltdc1958 ax, 256 p ., aFor the title the word English has been kept, al-though a number of foreign, especially French and Latin phrases, are included, because, with their adoption in ordinary English speaking and writing, they can be regarded as virtually an element of our language